Villes des Pyrénées-Atlantiques en images - Statistiques

Statistiques générales
  • Ce quiz a été pris 139 fois
  • Le résultat moyen est 9 sur 18
Statistiques - réponses
Par images Hint Réponse % Correct
B Bayonne
99%
B Biarritz
96%
P Pau
96%
H Hendaye
88%
E Espelette
82%
S Saint-Jean-de-Luz
75%
O Oloron-Sainte-Marie
73%
O Orthez
65%
S Saint-Jean-Pied-de-Port
44%
N Navarrenx
42%
L Lourdios-Ichère
32%
S Salies-de-Béarn
32%
M Mauléon-Licharre
28%
S Sauveterre-de-Béarn
28%
A Ainhoa
25%
G Gurs
23%
S Saint-Palais
13%
A Arzacq-Arraziguet
4%
Aucun quiz correspondant
Distribution des résultats
% des personnes avec chaque résultat
Percentile par nombre de réponses
Votre historique - résultats
Vous n’avez pas pris ce quiz